000 00381nam a22001457a 4500
005 20260204092315.0
008 260204b |||||||| |||| 00| 0 eng d
020 _a978-93-6993-221-4
041 _aEng.
100 _aKulkarni, M. & Mahajan, S.
245 _aCorporate Accounting - II Sem. - IV ( S.Y.B.Com. )
260 _aPune
_bNirali Books
300 _aB.1
942 _cBK
999 _c370294
_d370294